A carregar...

CAT

Detalhes bibliográficos
Autor principal: Jagdeep I Vaishnav
Formato: Printed Book
Publicado em: New Delhi Dreamtech press 2013
Assuntos:
LEADER 00498nam a22001337a 4500
020 |a 9789350042458 
082 |a 371.262  |b VAI.C 
100 |a Jagdeep I Vaishnav 
245 |a CAT 
260 |a New Delhi  |b Dreamtech press  |c 2013 
650 |a Common Admission Test  |a Guide-IIM and Management test  |a CAT questions with comprehensive study guide 
942 |c BK 
999 |c 4342  |d 4342 
952 |0 0  |1 0  |4 0  |6 371_262000000000000_VAI_C  |7 0  |8 REF  |9 4335  |a CAMPUS  |b CAMPUS  |d 2015-05-19  |l 0  |o 371.262 VAI.C  |p 18409  |r 2015-05-19  |w 2015-05-19  |y BK